Catálogo

Historia mínima de Israel / (Registro nro. 25763)

Detalles MARC
000 -LEADER
fixed length control field 00680cam a2200205 i 4500
001 - CONTROL NUMBER
control field 25763
003 - CONTROL NUMBER IDENTIFIER
control field Mx-PuUPA
005 - DATE AND TIME OF LATEST TRANSACTION
control field 20260114103304.0
008 - FIXED-LENGTH DATA ELEMENTS--GENERAL INFORMATION
fixed length control field 140415s1999 000 0 spa d
040 ## - CATALOGING SOURCE
Transcribing agency Mx-PuUPA
041 0# - LANGUAGE CODE
Language code of text/sound track or separate title spa
082 ## - DEWEY DECIMAL CLASSIFICATION NUMBER
Classification number 686.2
Item number MAG
100 ## - MAIN ENTRY--PERSONAL NAME
Personal name Sznajder, Mario
Relator term autor
245 ## - TITLE STATEMENT
Title Historia mínima de Israel /
Statement of responsibility, etc. Mario Sznajder
250 ## - EDITION STATEMENT
Edition statement Primera edición
264 #1 - PRODUCTION, PUBLICATION, DISTRIBUTION, MANUFACTURE, AND COPYRIGHT NOTICE
Place of production, publication, distribution, manufacture Ciudad de México, México :
Name of producer, publisher, distributor, manufacturer El Colegio de México, Centro de Estudios Históricos,
Date of production, publication, distribution, manufacture, or copyright notice 2017
300 ## - PHYSICAL DESCRIPTION
Extent 287 páginas :
Other physical details ilustraciones ;
Dimensions 21 cm
942 ## - ADDED ENTRY ELEMENTS (KOHA)
Source of classification or shelving scheme Dewey Decimal Classification
Koha item type Libro
Classification part xx
Item part xx
Existencias
Withdrawn status Lost status Source of classification or shelving scheme Damaged status Not for loan Collection code Home library Current library Shelving location Date acquired Source of acquisition Total Checkouts Full call number Barcode Price effective from Koha item type
    Dewey Decimal Classification   En catalogación General Biblioteca Karol Wojtyla Biblioteca Karol Wojtyla Procesos técnicos 03/12/2013 Donación   xx 47952 03/12/2013 Libro